| 000 | 00560nam a22001097a 4500 | ||
|---|---|---|---|
| 040 | _cRUA | ||
| 082 | _aVEM PHO 2024 B1.330 Or.1 | ||
| 245 | _aCase of Escherichia Coli Antibiotic resistance in chicken at khvav Commune, Samraong District, takeo province, ករណី Escherichia Coli ស៊ាំនឹងឳសថអង់ទីប៊ីយ៉ូទិកលើមាន់ នៅឃុំខ្វាវ ស្រុកសំរោង ខេត្តតាកែវ | ||
| 260 |
_aPHNOM PENH _bRUA _c2024 |
||
| 300 |
_aix, _bill, _c2024 |
||
| 942 | _cVEM | ||
| 999 |
_c24767 _d24767 |
||